New tricks with old bricks (Record no. 108061)

MARC details
000 -LEADER
fixed length control field 01476cad a22002415a 4500
001 - CONTROL NUMBER
control field L143081
008 - FIXED-LENGTH DATA ELEMENTS--GENERAL INFORMATION
fixed length control field 080407s2008 xxkod f 000 0 eng d
035 ## - SYSTEM CONTROL NUMBER
System control number (Sirsi) u143081
041 0# - LANGUAGE CODE
Language code of text/sound track or separate title eng
050 04 - LIBRARY OF CONGRESS CALL NUMBER
Classification number 696.9 $2 18
110 2# - MAIN ENTRY--CORPORATE NAME
Corporate name or jurisdiction name as entry element Empty Homes Agency
9 (RLIN) 219
245 00 - TITLE STATEMENT
Title New tricks with old bricks
Remainder of title how reusing old buildings can cut carbon emissions
Medium [electronic resource]
260 ## - PUBLICATION, DISTRIBUTION, ETC.
Place of publication, distribution, etc. London
Name of publisher, distributor, etc. EHA
Date of publication, distribution, etc. 2008
520 ## - SUMMARY, ETC.
Summary, etc. This research compares the combined embodied and operational carbon dioxide emissions from new build homes and refurbished properties. The results from six case studies (three newly built houses and three homes created through refurbishing existing properties) show that embodied energy is a much bigger part of the lifetime carbon cost of housing than previously thought. Therefore, refurbishing existing homes and converting empty property into new homes can deliver carbon dioxide emission reductions by stopping emissions from embodied energy that would arise from new build homes.
521 2# - TARGET AUDIENCE NOTE
Target audience note Advanced
590 ## - LOCAL NOTE (RLIN)
Local note KA
651 #4 - SUBJECT ADDED ENTRY--GEOGRAPHIC NAME
Geographic name United Kingdom
Chronological subdivision
690 ## - LOCAL SUBJECT ADDED ENTRY--TOPICAL TERM (OCLC, RLIN)
Topical term or geographic name as entry element BUILT ENVIRONMENT-SUSTAINABLE CONSTRUCTION
690 ## - LOCAL SUBJECT ADDED ENTRY--TOPICAL TERM (OCLC, RLIN)
Topical term or geographic name as entry element BUILT ENVIRONMENT-MAINTENANCE AND REFURBISHMENT
710 2# - ADDED ENTRY--CORPORATE NAME
Corporate name or jurisdiction name as entry element Building and Social Housing Foundation
9 (RLIN) 5530
856 40 - ELECTRONIC LOCATION AND ACCESS
Uniform Resource Identifier <a href="https://www.emptyhomes.com/documents/publications/reports/New%20Tricks%20With%20Old%20Bricks%20-%20final%2012-03-081.pdf">https://www.emptyhomes.com/documents/publications/reports/New%20Tricks%20With%20Old%20Bricks%20-%20final%2012-03-081.pdf</a>
Public note View the report free of charge at www.emptyhomes.com
942 ## - ADDED ENTRY ELEMENTS (KOHA)
Suppress in OPAC 0
Holdings
Withdrawn status Lost status Source of classification or shelving scheme Damaged status Not for loan Home library Current library Shelving location Date acquired Total Checkouts Full call number Barcode Date last seen Copy number Price effective from Koha item type
    Dewey Decimal Classification     Virtual Virtual Online 07/04/2008   ONLINE PUBLICATION 143081-2001 06/08/2019 1 06/08/2019 Book